|
|
|
|
| LEADER |
01351nam a2200349 a 4500 |
| 001 |
34631 |
| 003 |
BD-DhAAL |
| 005 |
20211222163727.0 |
| 008 |
190507r20182010maua b 001 0 eng d |
| 999 |
|
|
|c 40722
|d 40722
|
| 010 |
|
|
|a 2008051008
|
| 020 |
|
|
|a 9780070706521
|
| 020 |
|
|
|a 0070706522
|
| 020 |
|
|
|a 9780073376042 (hard copy : alk. paper)
|
| 020 |
|
|
|a 0073376043 (hard copy : alk. paper)
|
| 035 |
|
|
|a (OCoLC)ocn244764110
|
| 040 |
|
|
|a DLC
|c DLC
|d BTCTA
|d C#P
|d BWX
|d CDX
|d YDXCP
|d DLC
|d BD-DhAAL
|
| 050 |
0 |
0 |
|a TK5105.585
|b .F67 2010
|
| 082 |
0 |
0 |
|a 004.62
|2 22
|
| 100 |
1 |
|
|a Forouzan, Behrouz A.
|9 31541
|
| 245 |
1 |
0 |
|a TCP/IP protocol suite /
|c Behrouz A. Forouzan.
|
| 250 |
|
|
|a Fourth edition
|
| 260 |
|
|
|a Boston :
|b McGraw-Hill Higher Education,
|c c2010 [reprinted 2018]
|
| 300 |
|
|
|a xxxv, 979 pages :
|b illustrations (some colors) ;
|c 24 cm.
|
| 504 |
|
|
|a Includes bibliographical references (pages 955-956) and index.
|
| 526 |
|
|
|a CSE
|
| 541 |
|
|
|a Mullick & Brothers
|e 34631
|
| 650 |
|
0 |
|a TCP/IP (Computer network protocol)
|9 31542
|
| 650 |
|
0 |
|a Computer science
|9 42567
|
| 852 |
|
|
|a Ayesha Abed Library
|c General Stacks
|
| 942 |
|
|
|2 ddc
|c BK
|
| 952 |
|
|
|0 0
|1 0
|2 ddc
|4 0
|6 004_620000000000000_FOR
|7 0
|9 65408
|a BRACUL
|b BRACUL
|c GEN
|d 2019-04-24
|e Mullick & Brothers
|g 900.00
|l 5
|m 33
|o 004.62 FOR
|p 3010034631
|r 2025-09-30
|s 2025-07-25
|t 1
|v 900.00
|w 2019-04-24
|y BK
|